mls supporters shield winners - Statistics

General Stats
  • This quiz has been taken 19 times
  • The average score is 18 of 30
Answer Stats
Year Winner % Correct
2011 Galaxy
93%
2010 Galaxy
93%
2002 Galaxy
93%
1998 Galaxy
93%
2022 Lafc
93%
2019 Lafc
93%
2024 Inter Miami
86%
2025 Union
71%
2020 Union
71%
2021 Revolution
64%
2009 Crew
57%
2008 crew
57%
2004 Crew
57%
2007 DC United
57%
2006 Dc United
57%
1999 DC United
57%
1997 DC United
57%
2023 Fc Cincinnati
50%
2003 Fire
50%
2018 Red Bulls
50%
2015 Red Bulls
50%
2013 Red Bulls
50%
2014 Sounders
50%
2017 Toronto FC
50%
2016 Fc Dallas
36%
2012 Earthquakes
29%
2005 Earthquakes
29%
1996* Mutiny
29%
2001* Fusion
21%
2000 Sporting KC
21%
No matching quizzes found
Score Distribution
Percent of People with Each Score
Percentile by Number Answered
Your Score History
You have not taken this quiz